Library Logo

Pioneer International University Library Catalogue

Discovering God's Will in Your Life/ (Record no. 9704)

MARC details
000 -LEADER
fixed length control field 00776nam a22002297a 4500
003 - CONTROL NUMBER IDENTIFIER
control field OSt
005 - DATE AND TIME OF LATEST TRANSACTION
control field 20251028100255.0
008 - FIXED-LENGTH DATA ELEMENTS--GENERAL INFORMATION
fixed length control field 251028b |||||||| |||| 00| 0 eng d
010 ## - LIBRARY OF CONGRESS CONTROL NUMBER
LC control number 82-082161
020 ## - INTERNATIONAL STANDARD BOOK NUMBER
International Standard Book Number 0-89081-282-9
040 ## - CATALOGING SOURCE
Language of cataloging Library of Congress;
Transcribing agency Harvest House Publishers;
050 ## - LIBRARY OF CONGRESS CALL NUMBER
Classification number BV 4501.3 .O35 1972
Item number O35 1972
100 ## - MAIN ENTRY--PERSONAL NAME
Personal name Lloyd John Ogilvie
245 ## - TITLE STATEMENT
Title Discovering God's Will in Your Life/
Statement of responsibility, etc. Ogilvie, John Lloyd
250 ## - EDITION STATEMENT
Edition statement 2nd Edition
260 ## - PUBLICATION, DISTRIBUTION, ETC.
Place of publication, distribution, etc. Eugene, Oregon
Name of publisher, distributor, etc. Harvest House Publishers
Date of publication, distribution, etc. 1972
300 ## - PHYSICAL DESCRIPTION
Extent 175 p.:
Other physical details Red & Blue (Hard Cover)
Dimensions 20.2cm
Accompanying material Null
490 ## - SERIES STATEMENT
Materials specified Book
Series statement Gods Will in Your Life
600 ## - SUBJECT ADDED ENTRY--PERSONAL NAME
Personal name Lloyd, Ogilvie;
Title of a work Discovering God's will in Your Life
856 ## - ELECTRONIC LOCATION AND ACCESS
Materials specified Book
942 ## - ADDED ENTRY ELEMENTS (KOHA)
Source of classification or shelving scheme Library of Congress Classification
Koha item type Books
Edition 2nd Edition
Call number prefix BV
Call number suffix 450.3. 035 1972
Suppress in OPAC No
Holdings
Withdrawn status Lost status Source of classification or shelving scheme Damaged status Not for loan Home library Current library Date acquired Total checkouts Barcode Date last seen Price effective from Koha item type
    Library of Congress Classification     PIU Library PIU Library 10/30/2025   PIUDMUR716 10/30/2025 10/30/2025 Books